| 000 | 00596nam a22002417a 4500 | ||
|---|---|---|---|
| 003 | UA-OsUOA | ||
| 001 | 48543 | ||
| 007 | ta | ||
| 008 | 20070907b un ||||| |||| 00| 0 ukr d | ||
| 100 | _aТрохименко Л.М. | ||
| 090 |
_a929 _bТ76 |
||
| 942 | _cBK | ||
| 040 |
_aUA-OsUOA _bukr _cUA-OsUOA _dUA-OsUOA |
||
| 245 | _aЛегендарний генерал | ||
| 300 | _a771 с. | ||
| 955 | _a2 | ||
| 041 | _aukr | ||
| 080 | _a929 | ||
| 020 | _a966-574-669-3 | ||
| 260 |
_aК. _c2004 |
||
| 650 | 7 |
_a9 Географія. Біографії. Історія _2UDC |
|
| 999 |
_c334640 _d334640 |
||